| 000 | 00358nam a2200121Ia 4500 | ||
|---|---|---|---|
| 008 | 230907s9999||||xx |||||||||||||| ||und|| | ||
| 082 |
_a621.3 _bIND |
||
| 100 |
_aIndulkar, C. S. _9101578 |
||
| 245 | 3 | _aAn introduction to electrical engineering materials / | |
| 260 |
_aS. Chang & Company Pvt. Ltd., _bNew Delhi : _c2016 |
||
| 300 | _axi, 379 p. | ||
| 942 | _cBK | ||
| 999 |
_c598185 _d598185 |
||